The Second World War Of The US Army (1945-1950)/ (Record no. 196012)

MARC details
000 -LEADER
fixed length control field 00593nam a2200181 4500
005 - DATE AND TIME OF LATEST TRANSACTION
control field 20230517112705.0
010 ## - LCCN (DPL NO)
LC control number ENG-136957
020 ## - INTERNATIONAL STANDARD BOOK NUMBER
International Standard Book Number 9789390746569
Terms of availability 120.00
035 ## - SYSTEM CONTROL NUMBER
System control number EN-120489
037 ## - SOURCE OF ACQUISITION
Source of stock number/acquisition DBAD/PUB
082 ## - DEWEY DECIMAL CLASSIFICATION NUMBER
Classification number 973.91
100 ## - MAIN ENTRY--PERSONAL NAME
Personal name Benedict, Ezeifekwuaba Tochukwu
245 ## - TITLE STATEMENT
Title The Second World War Of The US Army (1945-1950)/
Statement of responsibility, etc Ezeifekwuaba Tochukwu Benedict
260 ## - PUBLICATION, DISTRIBUTION, ETC. (IMPRINT)
Place of publication, distribution, etc Kolkata
Name of publisher, distributor, etc Exceller Books
Date of publication, distribution, etc 2021
270 ## - ADDRESS
Address G1, Dream Apartment, Degree College Road, Belgharia
City Kolkata
Postal code 700056
300 ## - PHYSICAL DESCRIPTION
Extent 125p.;
Dimensions 21cm(pbk)
942 ## - ADDED ENTRY ELEMENTS (KOHA)
Source of classification or shelving scheme Dewey Decimal Classification
Item type English Books
Call number suffix BEN
Classification part 973.91
Holdings
Withdrawn status Lost status Not for loan Collection code Home library Current library Date acquired Source of acquisition Cost, normal purchase price Full call number Barcode Copy number Cost, replacement price Koha item type
      Non-fiction Bawana Bawana 17/05/2023 DBAD/PUB 120.00 973.91 BEN EN-120489 1 120.00 English Books

© Delhi Public Library
Hit Counter
free hit counter